Reinventing Liberty (Record no. 351469)
[ view plain ]
| 000 -LEADER | |
|---|---|
| fixed length control field | 00484nam a2200133Ia 4500 |
| 008 - FIXED-LENGTH DATA ELEMENTS--GENERAL INFORMATION | |
| fixed length control field | 171212s9999 xx 000 0 und d |
| 020 ## - INTERNATIONAL STANDARD BOOK NUMBER | |
| International Standard Book Number | 9781474402965 |
| 100 ## - MAIN ENTRY--PERSONAL NAME | |
| Personal name | Price, Fiona |
| 245 ## - TITLE STATEMENT | |
| Statement of responsibility, etc | Price, Fiona |
| Title | Reinventing Liberty |
| Remainder of title | Nation, Commerce and the British Historical Novel from Walpole to Scott |
| 260 ## - PUBLICATION, DISTRIBUTION, ETC. (IMPRINT) | |
| Name of publisher, distributor, etc | Edinburgh University Press |
| Date of publication, distribution, etc | 2016 |
| 440 ## - SERIES STATEMENT/ADDED ENTRY--TITLE | |
| Title | Edinburgh Critical Studies in Romanticism |
| 650 ## - SUBJECT ADDED ENTRY--TOPICAL TERM | |
| Topical term or geographic name as entry element | History |
| 856 ## - ELECTRONIC LOCATION AND ACCESS | |
| Uniform Resource Identifier | <a href="http://jstor.org/stable/10.3366/j.ctt1bh2jss">http://jstor.org/stable/10.3366/j.ctt1bh2jss</a> |
| Withdrawn status | Lost status | Damaged status | Home library | Current library | Date acquired | Total Checkouts | Date last seen | Price effective from | Koha item type |
|---|---|---|---|---|---|---|---|---|---|
| College Library | College Library | 12/12/2017 | 12/12/2017 | 12/12/2017 | Curriculum - Based eBooks |